| 000 | 01051nam a2200265Ia 4500 | ||
|---|---|---|---|
| 003 | OSt | ||
| 005 | 20221005105040.0 | ||
| 006 | a|||||r|||| 00| 0 | ||
| 007 | ta | ||
| 008 | 221004b |||||||| |||| 00| 0 hin d | ||
| 020 |
_a9789380172491 (pbk) _cINR 100.00 |
||
| 024 | _a37856 | ||
| 037 |
_b1519, 21/02/2018, Bookwell _cTextual |
||
| 040 |
_aCRL _cCRL _bhin |
||
| 041 |
_2hin _ahin |
||
| 082 | _aV42.N53<-M68, P4;Q3 | ||
| 100 |
_aसराओ, के.टी..एस, संपा. _9623827 |
||
| 245 | 0 |
_aआधुनिक जापान का इतिहास _b 1868 - 1953 |
|
| 246 | _aĀdhunik jāpān kā itihāsa: 1868 - 1953 | ||
| 260 |
_aदिल्ली _bहिंदी माध्यम कार्यान्वय निदेशालय भारत _c2013 |
||
| 300 |
_a219पृ0 _ccm. |
||
| 650 | _aजापान इतिहास | ||
| 942 |
_hV42.N53<-M68, P4;Q3 _cTEXL _2cc |
||
| 999 |
_c1014583 _d1014583 |
||